| 000 | 00745nam a2200217 a 4500 | ||
|---|---|---|---|
| 001 | 000040638 | ||
| 005 | 20201002034253.0 | ||
| 008 | 130904s2009 sp 001 0 spa d | ||
| 020 | _a9788434483156 | ||
| 040 |
_aDO-SdBNP _bspa _cBNPHU |
||
| 082 |
_axxxx _bxxxx |
||
| 100 | 1 |
_aFranco, Jean _966994 |
|
| 245 | 1 | 0 |
_aHistoria de la literatura Hispanoamericana : _ba partir de la independencia / _cJean Franco ; traducción Carlos Pujol. |
| 260 |
_aBarcelona, : _bAriel, _c2009. |
||
| 300 |
_a398 p.21 cm. ; _c21 cm. |
||
| 490 | 1 | _aLetras e ideas | |
| 500 | _aIncluye índice alfabético | ||
| 504 | _aIncluye referencias bibliográficas y notas al pie de las páginas | ||
| 700 | 1 |
_aPujol, Carlos, _etr. _945462 |
|
| 830 | 0 |
_aLetras e ideas _966995 |
|
| 999 |
_c40128 _d40128 |
||